000 00426nam a2200181Ia 4500
001 9364
005 20260306161713.0
008 260306t1999||||xx |||||||||||||| ||spa||
041 _aESP
082 _a378.154
_bB143
100 _aBiggs, john
_eAUT
245 0 _aCalidad del aprendizaje universitario
260 _c1999
300 _a295 páginas :
_c23 cm.
650 _aGEN
654 _aCED
942 _cLIB
_dJUS
_fJUS
_2ddc
_n
999 _c9364
_d9364